000 00472nam a22001817a 4500
003 UA-OsUOA
001 14287
007 ta
008 20030729b un ||||| |||| 00| 0 ukr d
942 _cBK
040 _aUA-OsUOA
_bukr
_cUA-OsUOA
_dUA-OsUOA
245 _aЦілителька
_bНауково-популярний двотижневик
955 _a0
041 _aukr
260 _aРівне
_c1998
044 _aUA
650 7 _aКраєзнавча робота
_2UDC
999 _c300448
_d300448